Modern methods of valuation of land, houses and buildings. (7th ed.) (Record no. 77592)
[ view plain ]
| 000 -LEADER | |
|---|---|
| fixed length control field | 01421nam a2200253 a 4500 |
| 008 - FIXED-LENGTH DATA ELEMENTS--GENERAL INFORMATION | |
| fixed length control field | 120416s1980 xx |||||||||||||| || u |
| 050 ## - LIBRARY OF CONGRESS CALL NUMBER | |
| Classification number | HD 1387 Bri |
| 100 ## - MAIN ENTRY--PERSONAL NAME | |
| Personal name | Davies, Keith |
| 245 10 - TITLE STATEMENT | |
| Title | Modern methods of valuation of land, houses and buildings. (7th ed.) |
| 250 ## - EDITION STATEMENT | |
| Edition statement | 7th ed. |
| 260 ## - PUBLICATION, DISTRIBUTION, ETC. | |
| Date of publication, distribution, etc. | 1980 |
| 300 ## - PHYSICAL DESCRIPTION | |
| Extent | xvii, 605p. : ill. |
| 350 ## - | |
| -- | 0.00 |
| 650 ## - SUBJECT ADDED ENTRY--TOPICAL TERM | |
| Topical term or geographic name entry element | LAND VALUATION |
| 650 ## - SUBJECT ADDED ENTRY--TOPICAL TERM | |
| Topical term or geographic name entry element | LAND |
| 700 ## - ADDED ENTRY--PERSONAL NAME | |
| Personal name | Johnson, Tony |
| 700 ## - ADDED ENTRY--PERSONAL NAME | |
| Personal name | Britton, William |
| 995 ## - | |
| -- | MAIN LIBRARY OPEN ACCESS |
| -- | 0.00 |
| -- | 707284 |
| -- | CBU-MAIN LIBRARY (Kitwe) |
| -- | 3 |
| -- | 10.00 |
| -- | HD 1387 Bri |
| -- | 4 |
| -- | AVAILABLE |
| -- | 005749 |
| -- | Main Library Open Access Collection |
| 995 ## - | |
| -- | ANNEX COLLECTION (Main Library) |
| -- | 0.00 |
| -- | 707530 |
| -- | CBU-MAIN LIBRARY (Kitwe) |
| -- | 2 |
| -- | 10.00 |
| -- | HD 1387 Bri |
| -- | 3 |
| -- | AVAILABLE |
| -- | 005750 |
| -- | Annex Low-Usage Collection |
| 995 ## - | |
| -- | MAIN LIBRARY OPEN ACCESS |
| -- | 0.00 |
| -- | 707532 |
| -- | CBU-MAIN LIBRARY (Kitwe) |
| -- | 6 |
| -- | 10.00 |
| -- | HD 1387 Bri |
| -- | 6 |
| -- | LOST |
| -- | 707532 |
| -- | Main Library Open Access Collection |
| 995 ## - | |
| -- | BINDERY (DAMAGED) |
| -- | 0.00 |
| -- | 707531 |
| -- | CBU-MAIN LIBRARY (Kitwe) |
| -- | 5 |
| -- | 10.00 |
| -- | HD 1387 Bri |
| -- | 5 |
| -- | DAMAGED |
| -- | 005748 |
| -- | Main Library Open Access Collection |
| 995 ## - | |
| -- | MAIN LIBRARY OPEN ACCESS |
| -- | 0.00 |
| -- | 708613 |
| -- | CBU-MAIN LIBRARY (Kitwe) |
| -- | 1 |
| -- | 10.00 |
| -- | HD 1387 Bri |
| -- | 2 |
| -- | AVAILABLE |
| -- | 005751 |
| -- | Main Library Open Access Collection |
| 995 ## - | |
| -- | BINDERY (DAMAGED) |
| -- | 0.00 |
| -- | 708614 |
| -- | CBU-MAIN LIBRARY (Kitwe) |
| -- | 4 |
| -- | 10.00 |
| -- | HD 1387 Bri |
| -- | 1 |
| -- | DAMAGED |
| -- | 005752 |
| -- | Main Library Open Access Collection |
| 999 ## - | |
| -- | 77592 |
| -- | 77592 |
| Withdrawn status | Lost status | Source of classification or shelving scheme | Damaged status | Not for loan | Permanent Location | Current Location | Shelving location | Date acquired | Total Checkouts | Full call number | Barcode | Date last seen | Copy number | Price effective from | Koha item type |
|---|---|---|---|---|---|---|---|---|---|---|---|---|---|---|---|
| CBU-MAIN LIBRARY, KITWE. | CBU-MAIN LIBRARY, KITWE. | 05/03/2023 | HD 1387 Bri | 005749 | 05/03/2023 | 1 | 05/03/2023 | MONOGRAPH | |||||||
| CBU-MAIN LIBRARY, KITWE. | CBU-MAIN LIBRARY, KITWE. | 05/03/2023 | HD 1387 Bri | 005750 | 05/03/2023 | 2 | 05/03/2023 | MONOGRAPH | |||||||
| CBU-MAIN LIBRARY, KITWE. | CBU-MAIN LIBRARY, KITWE. | 05/03/2023 | HD 1387 Bri | 707532 | 05/03/2023 | 3 | 05/03/2023 | MONOGRAPH | |||||||
| CBU-MAIN LIBRARY, KITWE. | CBU-MAIN LIBRARY, KITWE. | 05/03/2023 | HD 1387 Bri | 005748 | 05/03/2023 | 4 | 05/03/2023 | MONOGRAPH | |||||||
| CBU-MAIN LIBRARY, KITWE. | CBU-MAIN LIBRARY, KITWE. | 05/03/2023 | HD 1387 Bri | 005751 | 05/03/2023 | 5 | 05/03/2023 | MONOGRAPH | |||||||
| CBU-MAIN LIBRARY, KITWE. | CBU-MAIN LIBRARY, KITWE. | 05/03/2023 | HD 1387 Bri | 005752 | 05/03/2023 | 6 | 05/03/2023 | MONOGRAPH |